000
00327nam a22001577a 4500
003
SGT
020
_a
9789386546524
082
_a
635
_b
PET
100
_a
PETER, K.V.
245
_a
BASICS OF HORTICULTURE
250
_a
3RD
260
_a
INDIA
_b
NEWINDIA
_c
2018
300
_a
795
650
_a
HORTICULTURE
942
_2
ddc
_c
BK
999
_c
25788
_d
25788